00558nam a2200193Ia 450000500170000000800410001704000190005804100120007708200170008910000160010624500710012226000390019330000120023250400500024463000140029465000140030865100320032285000100035420230623082305.0131103s9999 xx 000 0 und d aLoreto College aEnglish a301.153bTUR aTurner,E.S. aRoads to ruinb the shocking history of social reform cE.S.Turner aHarmondsworthbPenguin Booksc1966 a284 p.  aIncludes index and bibliographical references aDisasters aSociology aSocial ProcessSocial Change aLCLIB